Administración financiera e inflacíón (Registro nro. 36422)
[ vista simple ]
| 000 -LEADER | |
|---|---|
| fixed length control field | 01380 a2200229 4500 |
| 001 - CONTROL NUMBER | |
| control field | 63937 |
| 005 - DATE AND TIME OF LATEST TRANSACTION | |
| control field | 20260521160826.0 |
| 008 - FIXED-LENGTH DATA ELEMENTS--GENERAL INFORMATION | |
| fixed length control field | 260521a1984 arg spa d |
| 003 - CONTROL NUMBER IDENTIFIER | |
| control field | AR-UNSa-BCEJYS |
| 040 ## - CATALOGING SOURCE | |
| Original cataloging agency | AR-UNSa-BCEJYS |
| Language of cataloging | spa |
| Transcribing agency | AR-UNSa-BCEJYS |
| 080 ## - UNIVERSAL DECIMAL CLASSIFICATION NUMBER | |
| Universal Decimal Classification number | 658.15 |
| Common auxiliary subdivision | Administración financiera privada. Gestión financiera de empresas<br/> |
| 020 ## - INTERNATIONAL STANDARD BOOK NUMBER | |
| International Standard Book Number | 978-968-26-0447-8 |
| 041 ## - LANGUAGE CODE | |
| Language code of text/sound track or separate title | spa |
| 100 1# - MAIN ENTRY--PERSONAL NAME | |
| Personal name | Bierman, Harold, Jr. |
| 245 10 - TITLE STATEMENT | |
| Title | Administración financiera e inflacíón |
| 264 #1 - PRODUCTION, PUBLICATION, DISTRIBUTION, MANUFACTURE, AND COPYRIGHT NOTICE | |
| Place of production, publication, distribution, manufacture | México : |
| Name of producer, publisher, distributor, manufacturer | CECSA (Compañia Editorial Continental) |
| Date of production, publication, distribution, manufacture, or copyright notice | 1984 |
| 300 ## - PHYSICAL DESCRIPTION | |
| Extent | 179 p. |
| Dimensions | 22 cm. |
| 505 ## - FORMATTED CONTENTS NOTE | |
| Formatted contents note | 1. La inflación, el análisis financiero y la contabilidad – 2. Contabilidad Dólares constantes, nociones preliminares – 3. Práctica contable: el FAS Núm.33 – 4. El uso de los costos de reemplazo – 5. La inflación y el empleo del pasivo – 6. La contabilidad relacionada con los niveles de precios y la valuación de las acciones – 7. El presupuesto de capital y la inflación – 8. La medición de la actuación y la inflación – 9. La aplicación de índices para considerar efectos inflacionarios – 10. Tasas de interés (estructura a largo plazo) – 11. La inflación y las empresas sujetas a vigilancia – 12. Cómo hacer frente a la inflación – |
| 590 ## - LOCAL NOTE (RLIN) | |
| Local note | niveau_biblio:m niveau_hierar:0 |
| 700 1# - ADDED ENTRY--PERSONAL NAME | |
| Personal name | Kelso, Florence M. |
| 942 ## - ADDED ENTRY ELEMENTS (KOHA) | |
| Koha item type | |
| Withdrawn status | Lost status | Damaged status | Not for loan | Home library | Current library | Shelving location | Date acquired | Total checkouts | Full call number | Barcode | Date last seen | Price effective from | Koha item type |
|---|---|---|---|---|---|---|---|---|---|---|---|---|---|
| Biblioteca Prof. Eusebio Cleto del Rey | Biblioteca Prof. Eusebio Cleto del Rey | 21/05/2026 | 658.15 B586 | L58882 | 21/05/2026 | 21/05/2026 | Libro | ||||||
| Biblioteca Prof. Eusebio Cleto del Rey | Biblioteca Prof. Eusebio Cleto del Rey | 21/05/2026 | 658.15 B586 | L39676 | 21/05/2026 | 21/05/2026 | Libro | ||||||
| Biblioteca Prof. Eusebio Cleto del Rey | Biblioteca Prof. Eusebio Cleto del Rey | 21/05/2026 | 658.15 B586 | L39677 | 21/05/2026 | 21/05/2026 | Libro |